000 00387nam a2200169Ia 4500
005 20250423101303.0
008 250422s9999 xx 000 0 und d
020 _a1- 56458- 992-7
050 _aQP 38 .H7933/
100 _aCharles Clayman
245 4 _aThe human body
260 _bDK publishing
260 _c1995
300 _a240 p
650 _aMedicine popular
942 _cBK
999 _c35862
_d35862